000 01970cam a2200649 i 4500
001 22247
003 KOSZ 005
005 20240831062929.0
008 240830s1983 pl a g 001 0 pol
015 _aUWD 1983/6177
020 _a8301037318
035 _a991009939089705066
035 _a(PL-WaBN)b12713144-48omnis_nlop
035 _ab12713144
035 _a(OCoLC)830199586
035 _a(PL)b0000001271314
035 _a(EXLNZ-48OMNIS_NETWORK)9910375191805606
040 _aWA N
_cWA N
_dKOSZ 005/RW
045 _bd0801
_bd1796
046 _k1983
080 _a94(47+57)
100 1 _aBazylow, Ludwik
_d(1915-1985)
_eAutor
245 1 0 _aHistoria Rosji.
_nTom I /
_cLudwik Bazylow.
250 _aWydanie I.
260 _aWarszawa :
_bPaństwowe Wydawnictwo Naukowe,
_c1983.
300 _a389, [2] stron :
_bmapy ;
_c21 cm.
336 _aTekst
_btxt
_2rdacontent
337 _aBez urządzenia pośredniczącego
_bn
_2rdamedia
338 _aWolumin
_bnc
_2rdacarrier
380 _aKsiążki
380 _aPublikacje popularnonaukowe
388 1 _a1901-2000
388 1 _a1945-1989
504 _aIndeksy.
648 7 _a801-900
648 7 _a 901-1000
648 7 _a1001-1100
648 7 _a1101-1200
648 7 _a1201-1300
648 7 _a1301-1400
648 7 _a1401-1500
648 7 _a1501-1600
648 7 _a1601-1700
648 7 _a1701-1800
650 7 _aKultura
650 7 _aPolityka wewnętrzna
650 7 _aPolityka zagraniczna
650 7 _aSpołeczeństwo
650 7 _aWładcy
651 7 _aRosja
_2DBN
655 7 _aOpracowanie
658 _aHistoria
710 2 _aPaństwowe Wydawnictwo Naukowe
_4pbl
856 _uhttps://koha.tu.koszalin.pl/cgi-bin/koha/opac-detail.pl?biblionumber=22247
_yKatalog online BPK
942 _2UKD
_cKS
999 _c22247
_d22247